00527 2200205 4500001002100000005001700021008004100038035002400079090001100103100001700114245005000131250001100181260003100192300002400223650001400247850001500261999001500276999001500291999001500306YOGYA-021100000050172011021010072918 ind  0010-021100000005017 a345.01 aJoko Prakoso aTugas-tugas kejaksaan di bidang non Yustisial aCet. 1 aJakartabBina Aksarac1989 axi, 237 hlm.;21 cm. aKejaksaan aYOPDYOG[B] a97P0094558 a97P0094559 a97P0094560